000 00494nam a22001577a 4500
999 _c479995
_d479995
003 ASAB
005 20200308163750.0
008 160203t xxu||||| |||| 00| 0 eng d
038 _aATTA
040 _cASAB
082 _a0
100 _aSania Arif-sup-Dr. Hassnain Ahmed Janjua
_928845
245 _aTh-mphil-Violacein capped silver Nanoparticles: Synthesis characterization and Antibacterial, Antifungal, Antialgal, Anticancer & Cytotoxic Properties
300 _a58 p.
942 _2ddc
_cTHE